[Event "Bad Breisig op"]
[Site "?"]
[Date "2001.??.??"]
[Round "9"]
[White "Rehm, Ulrich"]
[Black "Gerndorf, Michael"]
[Result "0-1"]
[WhiteElo "1992"]
[BlackElo "1976"]
[Annotator "ChessOrg"]
[PlyCount "102"]

1. d4 Nf6 2. Nf3 e6 3. Bf4 c5 4. e3 Nc6 5. c3 d5 6. Bd3 Be7 7. Nbd2 Nh5 8. Bg3
Nxg3 9. hxg3 g6 10. Nh4 Bf6 11. f4 Bd7 12. Nhf3 Qe7 13. Qe2 Bg7 14. Ne5 f6 15.
Nxd7 Kxd7 16. O-O-O c4 17. Bc2 b5 18. e4 Rae8 19. Qf3 Qf7 20. f5 exf5 21. exd5
Ne7 22. d6 Nd5 23. Rde1 Rxe1+ 24. Rxe1 Re8 25. Re2 Rxe2 26. Qxe2 Bh6 27. Kb1
Qe6 28. Qxe6+ Kxe6 29. d7 Kxd7 30. Nf1 Ke6 31. Bd1 f4 32. gxf4 Bxf4 33. Bf3 f5
34. Kc2 g5 35. g4 fxg4 36. Bxg4+ Kd6 37. b3 Nf6 38. Bf3 g4 39. Bh1 h5 40. bxc4
bxc4 41. Nd2 Bxd2 42. Kxd2 Nd5 43. Bxd5 Kxd5 44. Ke3 h4 45. Kf4 h3 46. Kg3 Ke4
47. a3 a6 48. Kf2 h2 49. Kg2 g3 50. a4 a5 51. Kh1 Kf3 0-1

[Event "Bad Breisig op"]
[Site "?"]
[Date "2001.??.??"]
[Round "9"]
[White "Woeltge, Carsten"]
[Black "Meyer, Lars"]
[Result "1/2-1/2"]
[WhiteElo "1933"]
[BlackElo "1696"]
[Annotator "ChessOrg"]
[PlyCount "50"]

1. d4 Nf6 2. Nf3 e6 3. c4 b6 4. Nc3 Bb7 5. Bg5 Be7 6. e3 Ne4 7. Bxe7 Qxe7 8.
Bd3 Nxc3 9. bxc3 d6 10. O-O Nd7 11. e4 e5 12. Qe2 O-O-O 13. a4 a5 14. Nd2 Rhe8
15. f3 c5 16. d5 Nf6 17. Rfb1 Kc7 18. Ra2 Rb8 19. Rab2 Ba6 20. Rb3 Rb7 21. Nf1
Nh5 22. g3 g6 23. Qb2 Reb8 24. Ne3 Qg5 25. Kf2 Nf6 1/2-1/2

[Event "Bad Breisig op"]
[Site "?"]
[Date "2001.??.??"]
[Round "9"]
[White "Noettger, Eckard"]
[Black "Reinke, Kurt"]
[Result "0-1"]
[WhiteElo "1780"]
[BlackElo "1828"]
[Annotator "ChessOrg"]
[PlyCount "100"]

1. d4 d5 2. Nf3 Nf6 3. e3 Bg4 4. Be2 e6 5. O-O Bd6 6. h3 Bh5 7. c4 c6 8. cxd5
exd5 9. Nc3 Nbd7 10. a3 Rc8 11. b4 Bb8 12. Ne1 Qc7 13. f4 Bg6 14. Nd3 Ne4 15.
Nxe4 Bxe4 16. Nc5 Nxc5 17. bxc5 O-O 18. Bd3 Rce8 19. Rb1 Re6 20. Qb3 Bxd3 21.
Qxd3 Rfe8 22. Rf3 Re4 23. Qb3 R8e7 24. Bd2 Qc8 25. Qd1 Qf5 26. Rg3 R4e6 27. Rb3
g6 28. Qb1 Qxb1+ 29. Rxb1 f5 30. Rf3 Kf7 31. Kf2 h6 32. h4 Kf6 33. Rh3 Bxf4 34.
Rf3 Bb8 35. g4 Re4 36. gxf5 gxf5 37. Ba5 Rd7 38. Rg1 Rxh4 39. Rg8 Rh2+ 40. Kf1
Bc7 41. Rf8+ Kg7 42. R8xf5 Bxa5 43. Rg3+ Kh7 44. Rf8 Rg7 45. Rgf3 Rh1+ 46. Kf2
Be1+ 47. Ke2 Rg2+ 48. Kd1 Ba5+ 49. Rf1 Rxf1+ 50. Rxf1 Kg6 0-1

[Event "Bad Breisig op"]
[Site "?"]
[Date "2001.??.??"]
[Round "9"]
[White "Kirchgessner, Hans"]
[Black "Meyer, Marco"]
[Result "1-0"]
[WhiteElo "1801"]
[BlackElo "1602"]
[Annotator "ChessOrg"]
[PlyCount "65"]

1. c4 Nf6 2. Nc3 g6 3. g3 Bg7 4. Bg2 O-O 5. Nf3 d6 6. O-O Nbd7 7. d4 c6 8. e4
e5 9. h3 a5 10. Be3 Nh5 11. Qd2 f5 12. exf5 gxf5 13. Bh6 f4 14. Bxg7 Nxg7 15.
Rad1 fxg3 16. fxg3 Nf5 17. Kh2 Qf6 18. g4 Nh4 19. Nxe5 Qg7 20. Rxf8+ Nxf8 21.
Nf3 Nxg2 22. Qxg2 Be6 23. d5 cxd5 24. Nxd5 b5 25. cxb5 a4 26. Qd2 Ng6 27. Qc3
Qf7 28. Nf6+ Kf8 29. Ng5 Qe7 30. Nfxh7+ Kg8 31. Nf6+ Kf8 32. Rf1 Bf7 33. Nfh7+
1-0

[Event "Bad Breisig op"]
[Site "?"]
[Date "2001.??.??"]
[Round "9"]
[White "Schwertel, Johann"]
[Black "Reimann, Guenther"]
[Result "1/2-1/2"]
[WhiteElo "1875"]
[BlackElo "1827"]
[Annotator "ChessOrg"]
[PlyCount "40"]

1. c4 e6 2. Nc3 f5 3. g3 Nf6 4. Bg2 c6 5. Nf3 Be7 6. O-O O-O 7. d4 Qe8 8. d5 d6
9. dxe6 Bxe6 10. Nd4 Bc8 11. e4 fxe4 12. Nxe4 Qg6 13. Nxf6+ Qxf6 14. Qd3 Nd7
15. Nf3 Nc5 16. Qd4 Qxd4 17. Nxd4 Bf6 18. Rd1 Bg4 19. f3 Bxd4+ 20. Rxd4 Bxf3
1/2-1/2

[Event "Bad Breisig op"]
[Site "?"]
[Date "2001.??.??"]
[Round "9"]
[White "Noras, Peter"]
[Black "Auf'm Wasser, Guenter"]
[Result "1-0"]
[WhiteElo "1699"]
[BlackElo "1693"]
[Annotator "ChessOrg"]
[PlyCount "123"]

1. Nf3 f5 2. g3 Nf6 3. Bg2 e6 4. O-O d5 5. d3 Bd6 6. b3 O-O 7. Bb2 f4 8. Nbd2
fxg3 9. fxg3 Qe8 10. Qe1 Ng4 11. e4 c6 12. e5 Bc7 13. Ba3 Rf5 14. Bh3 Qh5 15.
Nh4 Bb6+ 16. Kh1 Rxf1+ 17. Qxf1 Nd7 18. Qf3 Nf2+ 19. Kg2 Qxf3+ 20. Ndxf3 Nxh3
21. Kxh3 Bd8 22. Rf1 b6 23. Ng2 g5 24. Kg4 h6 25. Ne3 Bc7 26. d4 c5 27. c3 Ba6
28. Rf2 Rf8 29. Kh5 Bxe5 30. Ng4 Nf6+ 31. Nxf6+ Bxf6 32. dxc5 bxc5 33. Bxc5 Rf7
34. Nd4 Bxd4 35. Bxd4 Rxf2 36. Bxf2 Kh7 37. Bxa7 Be2+ 38. g4 Bd1 39. h4 gxh4
40. Kxh4 Kg6 41. b4 Ba4 42. Bd4 Bb5 43. Kg3 h5 44. gxh5+ Kxh5 45. Kf4 Kg6 46.
Ke5 Kf7 47. Kd6 Ba4 48. Kc5 Ke7 49. b5 Kd7 50. Kb4 Bd1 51. a4 Kc8 52. a5 Be2
53. Kc5 Bc4 54. Kc6 Bf1 55. a6 Kb8 56. a7+ Ka8 57. b6 Ba6 58. Kd7 Bc4 59. Kxe6
Bb3 60. Kd6 Kb7 61. a8=Q+ Kxa8 62. Kc7 1-0

[Event "Bad Breisig op"]
[Site "?"]
[Date "2001.??.??"]
[Round "9"]
[White "Karwatzki, Hans-Juergen"]
[Black "Schmitz, Karl-Alfred"]
[Result "1-0"]
[WhiteElo "1557"]
[BlackElo "1750"]
[Annotator "ChessOrg"]
[PlyCount "99"]

1. e4 e6 2. d4 d5 3. e5 c5 4. c3 Nc6 5. Nf3 Bd7 6. Bd3 Qb6 7. dxc5 Bxc5 8. O-O
g6 9. b4 Bf8 10. Bg5 h6 11. Bf6 Nxf6 12. exf6 Bd6 13. Re1 Qd8 14. Bb5 Qxf6 15.
Qxd5 Be7 16. Qb3 O-O 17. Nbd2 a6 18. Bd3 Rac8 19. Rac1 b5 20. Ne4 Qg7 21. h4
Kh8 22. Qd1 e5 23. Bxb5 axb5 24. Qxd7 f5 25. Nc5 Bxc5 26. Qxg7+ Kxg7 27. bxc5
Kf6 28. Rcd1 Rcd8 29. Rxd8 Rxd8 30. Rb1 e4 31. Ne1 Rb8 32. c4 b4 33. Nc2 f4 34.
Rd1 Ne5 35. Rd6+ Kf7 36. Rb6 Rc8 37. Rb5 Nxc4 38. Nxb4 g5 39. h5 Rd8 40. Kf1
Rd1+ 41. Ke2 Rd2+ 42. Ke1 e3 43. fxe3 fxe3 44. c6 Rxg2 45. c7 Rg1+ 46. Ke2 Rg2+
47. Kd3 Nd6 48. Kxe3 Rb2 49. Rb8 Ke7 50. Nd5+ 1-0

[Event "Bad Breisig Sen"]
[Site "?"]
[Date "2001.??.??"]
[Round "1"]
[White "Stumpf, Walter"]
[Black "Rudolph, Joachim"]
[Result "1-0"]
[WhiteElo "2014"]
[BlackElo "1850"]
[Annotator "ChessOrg"]
[PlyCount "122"]

1. d4 e6 2. c4 f5 3. Nc3 Nf6 4. Nf3 Be7 5. g3 O-O 6. Bg2 c6 7. O-O d6 8. Qc2
Qe8 9. e4 fxe4 10. Nxe4 Nxe4 11. Qxe4 Qf7 12. Ng5 Bxg5 13. Bxg5 Qf5 14. Be7 d5
15. Qxf5 Rxf5 16. c5 Rf7 17. Bd6 Bd7 18. Rfe1 Na6 19. Bh3 Re8 20. a3 Bc8 21.
Re3 Nc7 22. Rae1 Nb5 23. Be5 g6 24. a4 Nc7 25. Bxc7 Rxc7 26. Bxe6+ Bxe6 27.
Rxe6 Rxe6 28. Rxe6 Kf7 29. Re3 Kf6 30. h4 Rg7 31. f4 a5 32. Kf2 Rd7 33. Re8 Kf5
34. Kf3 Kf6 35. g4 Kf7 36. Re3 Rc7 37. g5 Rd7 38. Kg4 Rc7 39. h5 Kg7 40. Re6
Rf7 41. h6+ Kf8 42. Re3 Rd7 43. Re6 Rf7 44. Re5 Rd7 45. Re1 Rf7 46. b4 axb4 47.
Rb1 Ke8 48. Rxb4 Kd8 49. Rb3 Re7 50. Kf3 Rf7 51. Re3 Kd7 52. Rb3 Kc7 53. a5 Re7
54. Re3 Rf7 55. Re8 Kd7 56. Ra8 Ke6 57. a6 bxa6 58. Rxa6 Rc7 59. Kg4 Rc8 60.
Ra7 Rf8 61. Ra6 Kd7 1-0

[Event "Bad Breisig Sen"]
[Site "?"]
[Date "2001.??.??"]
[Round "1"]
[White "Donner, Ernst"]
[Black "Scheidt, Eugen"]
[Result "0-1"]
[WhiteElo "1789"]
[BlackElo "1947"]
[Annotator "ChessOrg"]
[PlyCount "72"]

1. e4 c5 2. Nc3 Nc6 3. g3 g6 4. Bg2 Bg7 5. Nge2 e6 6. d3 d6 7. a3 Nge7 8. O-O
O-O 9. Rb1 Rb8 10. Bd2 b6 11. Qc1 Bb7 12. Bh6 Rc8 13. Bxg7 Kxg7 14. f3 a6 15.
Rf2 b5 16. b4 cxb4 17. axb4 Qb6 18. Qb2 Kg8 19. Rbf1 Nd4 20. Kh1 Nec6 21. Rb1
Nxc2 22. Nd1 N2xb4 23. Qd2 a5 24. Nf4 e5 25. Nh3 Kg7 26. f4 f6 27. Ne3 Nd4 28.
Rb2 Rc7 29. fxe5 dxe5 30. Ng4 Qd6 31. Qh6+ Kg8 32. Qh4 f5 33. Nh6+ Kh8 34. Rbd2
a4 35. Ng5 a3 36. exf5 Rc1+ 0-1

[Event "Bad Breisig Sen"]
[Site "?"]
[Date "2001.??.??"]
[Round "1"]
[White "Wittelsberger, Helmut"]
[Black "Verdcheval, Hans"]
[Result "1-0"]
[WhiteElo "1854"]
[BlackElo "1550"]
[Annotator "ChessOrg"]
[PlyCount "47"]

1. e4 e6 2. d4 d5 3. e5 c5 4. c3 Nc6 5. Nf3 Qb6 6. Bd3 cxd4 7. cxd4 Bd7 8. O-O
Nxd4 9. Nxd4 Qxd4 10. Nc3 Qxe5 11. Re1 Qc7 12. Nxd5 Qd8 13. Bf4 Rc8 14. Rc1 Bc6
15. Bb5 Ne7 16. Bxc6+ Nxc6 17. Qb3 Be7 18. Qxb7 exd5 19. Rxc6 Rxc6 20. Qxc6+
Qd7 21. Qa8+ Qd8 22. Qxa7 Qd7 23. Qa3 Kf8 24. Rxe7 1-0

[Event "Bad Breisig Sen"]
[Site "?"]
[Date "2001.??.??"]
[Round "1"]
[White "Schumacher, Ursula"]
[Black "Buesdorf, Konrad"]
[Result "0-1"]
[WhiteElo "1552"]
[BlackElo "1814"]
[Annotator "ChessOrg"]
[PlyCount "54"]

1. c4 e5 2. Nc3 Nf6 3. Nf3 Nc6 4. g3 Be7 5. Bg2 O-O 6. O-O d6 7. a3 Bd7 8. Qc2
Qc8 9. Re1 Bh3 10. Bh1 h6 11. b4 Qg4 12. e4 Qh5 13. b5 Nb8 14. d3 Nbd7 15. Bb2
Nh7 16. Nd5 Bd8 17. d4 Bg4 18. Nd2 Ng5 19. Ne3 Nh3+ 20. Kf1 f5 21. exf5 Bxf5
22. Nxf5 Rxf5 23. f3 Be7 24. g4 Qxg4 25. Qe4 Qg1+ 26. Ke2 Qxh2+ 27. Kd1 Nf2+
0-1

[Event "Bad Breisig Sen"]
[Site "?"]
[Date "2001.??.??"]
[Round "1"]
[White "Schaefer, Gustav"]
[Black "Homes, Helmut"]
[Result "0-1"]
[WhiteElo "1458"]
[BlackElo "1808"]
[Annotator "ChessOrg"]
[PlyCount "74"]

1. e4 e5 2. Nf3 Nc6 3. Bb5 a6 4. Ba4 Nf6 5. O-O Nxe4 6. Re1 Nc5 7. Nxe5 Nxe5 8.
Rxe5+ Be7 9. Nc3 O-O 10. Nd5 Bd6 11. Re3 Nxa4 12. Qe2 c6 13. Ne7+ Bxe7 14. Rxe7
Nc5 15. Re3 d5 16. b3 Bf5 17. Ba3 b6 18. d4 Ne6 19. Bxf8 Kxf8 20. c3 Be4 21. f3
Nf4 22. Qf2 Bg6 23. Qg3 Qf6 24. Rae1 c5 25. dxc5 bxc5 26. Qg4 d4 27. Re7 dxc3
28. Qd7 Qd4+ 29. Kh1 Qxd7 30. Rxd7 c2 31. Rc1 Ne2 32. Rxc2 Bxc2 33. Rd2 Nd4 34.
b4 Rb8 35. a3 cxb4 36. Rxd4 bxa3 37. h3 a2 0-1

[Event "Bad Breisig Sen"]
[Site "?"]
[Date "2001.??.??"]
[Round "1"]
[White "Glende, Siegfried"]
[Black "Farin, Friedrich"]
[Result "1-0"]
[WhiteElo "1817"]
[BlackElo "1309"]
[Annotator "ChessOrg"]
[PlyCount "85"]

1. c4 c5 2. Nc3 Nc6 3. g3 d6 4. Bg2 Bd7 5. d3 e6 6. f4 g6 7. Bd2 Bg7 8. Nf3
Nge7 9. O-O O-O 10. a3 a6 11. Rb1 d5 12. cxd5 exd5 13. e3 Bf5 14. e4 dxe4 15.
dxe4 Qd4+ 16. Nxd4 Bxd4+ 17. Kh1 Bd7 18. Qc2 b5 19. Ne2 c4 20. Nxd4 Nxd4 21.
Qc3 Nec6 22. Be3 Ne2 23. Qd2 Bg4 24. Bf3 Bxf3+ 25. Rxf3 Ned4 26. Bxd4 Rfd8 27.
Rd1 Rd7 28. Qc3 Rad8 29. Rf2 f5 30. Rfd2 fxe4 31. Bh8 Nd4 32. Bxd4 Re8 33. b3
Rde7 34. bxc4 e3 35. Re2 Rc7 36. c5 Kf7 37. Qb3+ Kf8 38. Qd5 Rce7 39. Qd6 a5
40. Qf6+ Rf7 41. Qh8+ Ke7 42. Rxe3+ Kd7 43. Qxe8+ 1-0

[Event "Bad Breisig Sen"]
[Site "?"]
[Date "2001.??.??"]
[Round "2"]
[White "Homes, Helmut"]
[Black "Stumpf, Walter"]
[Result "0-1"]
[WhiteElo "1808"]
[BlackElo "2014"]
[Annotator "ChessOrg"]
[PlyCount "70"]

1. e4 c5 2. Nc3 Nc6 3. Bc4 g6 4. d3 Bg7 5. Bd2 d6 6. f4 e6 7. Nf3 Nge7 8. O-O
O-O 9. a3 a6 10. Qe1 Nd4 11. Nxd4 Bxd4+ 12. Be3 Bxe3+ 13. Qxe3 d5 14. f5 d4 15.
Qh6 exf5 16. Nd5 Nxd5 17. Bxd5 Be6 18. exf5 Bxf5 19. Rf4 Qe7 20. Raf1 Qe3+ 21.
Kh1 Rae8 22. h3 Re5 23. R1f3 Qc1+ 24. Rf1 Re1 25. Rxe1 Qxe1+ 26. Kh2 Qe5 27.
Bb3 Bxd3 28. Kh1 Bb5 29. Rh4 Qg7 30. Qxg7+ Kxg7 31. Bd5 Bc6 32. Bxc6 bxc6 33.
Re4 Rd8 34. Re5 Rd5 35. Re7 c4 0-1

[Event "Bad Breisig Sen"]
[Site "?"]
[Date "2001.??.??"]
[Round "2"]
[White "Buesdorf, Konrad"]
[Black "Oser, Thor"]
[Result "0-1"]
[WhiteElo "1814"]
[BlackElo "1904"]
[Annotator "ChessOrg"]
[PlyCount "89"]

1. d4 d5 2. c4 e6 3. a3 Nf6 4. Nc3 c6 5. Nf3 Bd6 6. Bg5 Nbd7 7. e3 h6 8. Bh4
O-O 9. Rc1 Be7 10. Bg3 Nh5 11. cxd5 exd5 12. Bd3 Re8 13. Ne2 Nxg3 14. Nxg3 Nf8
15. O-O Bd6 16. Nf5 Bc7 17. N3h4 g6 18. Qg4 Qg5 19. Qh3 gxf5 20. Nxf5 Bxf5 21.
Bxf5 Ng6 22. f4 Qh4 23. Qf3 Kg7 24. Rc3 Ne7 25. Bd7 Rg8 26. e4 Rad8 27. Bh3
dxe4 28. Qxe4 Nd5 29. Rcf3 Rde8 30. Qd3 Kf8 31. Kh1 Re1 32. Rxe1 Qxe1+ 33. Rf1
Qe7 34. g3 Kg7 35. Bg2 Re8 36. Qb3 Bb6 37. Bxd5 cxd5 38. Qxd5 Qe4+ 39. Qxe4
Rxe4 40. Rc1 Rxd4 41. Rc2 Rd3 42. Kg2 Bd4 43. Kh3 Rf3 44. Kg4 Rb3 45. h3 0-1

[Event "Bad Breisig Sen"]
[Site "?"]
[Date "2001.??.??"]
[Round "2"]
[White "Rudolph, Joachim"]
[Black "Ruppelt, Guenther"]
[Result "1/2-1/2"]
[WhiteElo "1850"]
[BlackElo "1781"]
[Annotator "ChessOrg"]
[PlyCount "73"]

1. c4 g6 2. Nc3 Bg7 3. d3 d6 4. Nf3 Nf6 5. g3 c6 6. Bg2 O-O 7. O-O Nbd7 8. Bd2
Qc7 9. Qc1 Ng4 10. Rb1 Nge5 11. Bh6 Nxf3+ 12. Bxf3 Ne5 13. Bg2 Bd7 14. Bxg7
Kxg7 15. h3 Qc8 16. Kh2 f6 17. Qe3 Re8 18. b3 Nf7 19. d4 Ng5 20. h4 Nf7 21.
Rbe1 h5 22. Qd2 Nh6 23. Rh1 Qc7 24. Bh3 f5 25. f4 a6 26. Qd3 e6 27. e3 Rad8 28.
Re2 b5 29. Rhe1 Re7 30. Rd2 Rde8 31. Ne2 Ng8 32. Bg2 Nf6 33. Bf3 Bc8 34. Qc3 a5
35. a3 Ba6 36. Qb2 a4 37. b4 1/2-1/2

[Event "Bad Breisig Sen"]
[Site "?"]
[Date "2001.??.??"]
[Round "2"]
[White "Farin, Friedrich"]
[Black "Donner, Ernst"]
[Result "0-1"]
[WhiteElo "1309"]
[BlackElo "1789"]
[Annotator "ChessOrg"]
[PlyCount "92"]

1. d4 Nf6 2. Nf3 c5 3. c3 cxd4 4. cxd4 d5 5. e3 Bg4 6. Nbd2 e6 7. Qb3 Qc7 8.
Bb5+ Nbd7 9. O-O Bd6 10. h3 Bxf3 11. Nxf3 O-O 12. Bd2 a6 13. Bd3 b5 14. Rac1
Qb7 15. g3 Rfc8 16. Bc2 h6 17. Qd3 Ne4 18. Ba5 f5 19. Nh2 Nf8 20. Nf3 Qf7 21.
g4 fxg4 22. hxg4 Qxf3 23. Bd1 Qh3 24. f4 Rxc1 25. Qe2 Ng3 26. Qf3 Qxf1+ 27.
Qxf1 Nxf1 28. Kxf1 Rxd1+ 29. Ke2 Rg1 30. Kf3 Rc8 31. e4 dxe4+ 32. Kxe4 Rxg4 33.
Bd2 Ng6 34. d5 Rc4+ 35. Kf3 h5 36. dxe6 Bxf4 37. Bc3 Ne7 38. a3 Rg3+ 39. Kf2 h4
40. Bb4 Kf8 41. Ke2 h3 42. Be1 Re3+ 43. Kf2 Rc2+ 44. Kf1 h2 45. Bf2 h1=Q+ 46.
Bg1 Qxg1+ 0-1

[Event "Bad Breisig Sen"]
[Site "?"]
[Date "2001.??.??"]
[Round "2"]
[White "Verdcheval, Hans"]
[Black "Schaefer, Gustav"]
[Result "1-0"]
[WhiteElo "1550"]
[BlackElo "1458"]
[Annotator "ChessOrg"]
[PlyCount "75"]

1. d4 d6 2. Nf3 Nf6 3. Bg5 Ne4 4. Bh4 h6 5. Nbd2 Bf5 6. e3 Qd7 7. Bd3 d5 8. Ne5
Qd6 9. Bxe4 Bxe4 10. O-O Nc6 11. f4 Nxe5 12. fxe5 Qg6 13. Rf2 Bxc2 14. Qf3 e6
15. Rc1 Be4 16. Qf4 c6 17. Nxe4 dxe4 18. Rcf1 Be7 19. Bxe7 Kxe7 20. Qxf7+ Qxf7
21. Rxf7+ Ke8 22. Rxb7 Rf8 23. Rxg7 Rxf1+ 24. Kxf1 Kf8 25. Rh7 Kg8 26. Rxh6
Rf8+ 27. Rf6 Rxf6+ 28. exf6 Kf7 29. g4 Kxf6 30. h4 e5 31. dxe5+ Kxe5 32. h5 Kf6
33. h6 c5 34. g5+ Kg6 35. Kf2 c4 36. Kg3 a5 37. Kf4 a4 38. a3 1-0

[Event "Bad Breisig Sen"]
[Site "?"]
[Date "2001.??.??"]
[Round "3"]
[White "Stumpf, Walter"]
[Black "Glende, Siegfried"]
[Result "1-0"]
[WhiteElo "2014"]
[BlackElo "1817"]
[Annotator "ChessOrg"]
[PlyCount "103"]

1. d4 Nf6 2. Nf3 g6 3. g3 Bg7 4. Bg2 O-O 5. O-O d5 6. b3 c6 7. Bb2 a5 8. a4 Na6
9. Nbd2 Qc7 10. Rc1 e6 11. Ne5 Nd7 12. Ndf3 Nxe5 13. Nxe5 f6 14. Nd3 Qe7 15. f4
f5 16. e3 Nb8 17. Ra1 Re8 18. Qd2 b6 19. Ba3 Qd7 20. Rfd1 Ba6 21. Bf1 Bxd3 22.
Bxd3 Qc7 23. Rac1 Nd7 24. c4 Qb7 25. Rc2 Rec8 26. Rdc1 c5 27. Kf1 Bf8 28. cxd5
exd5 29. dxc5 bxc5 30. Kg2 Nf6 31. Bb2 Ne4 32. Bxe4 dxe4 33. Qc3 Bg7 34. Qxg7+
Qxg7 35. Bxg7 Kxg7 36. Rxc5 Rxc5 37. Rxc5 Ra7 38. Kf2 Kf7 39. Ke2 Ke6 40. Re5+
Kd6 41. Kd2 Kc6 42. Rb5 Rd7+ 43. Kc3 Rd3+ 44. Kc4 Rxe3 45. Rxa5 Rd3 46. Re5 Kd7
47. b4 Rd1 48. a5 Rc1+ 49. Kb5 Rc8 50. a6 Rb8+ 51. Ka5 Kc7 52. b5 1-0

[Event "Bad Breisig Sen"]
[Site "?"]
[Date "2001.??.??"]
[Round "3"]
[White "Wittelsberger, Helmut"]
[Black "Oser, Thor"]
[Result "1-0"]
[WhiteElo "1854"]
[BlackElo "1904"]
[Annotator "ChessOrg"]
[PlyCount "39"]

1. e4 c5 2. d4 cxd4 3. c3 dxc3 4. Nxc3 e6 5. Bc4 a6 6. Nf3 Ne7 7. O-O Ng6 8.
Qe2 Be7 9. Be3 b5 10. Bd3 Bb7 11. Rac1 O-O 12. Bb1 Nc6 13. Nd2 d5 14. exd5 exd5
15. Nf3 Bf6 16. Rfd1 Nce5 17. Nxe5 Bxe5 18. Qh5 Bxc3 19. Rxc3 Rc8 20. Bg5 1-0

[Event "Bad Breisig Sen"]
[Site "?"]
[Date "2001.??.??"]
[Round "3"]
[White "Donner, Ernst"]
[Black "Buesdorf, Konrad"]
[Result "0-1"]
[WhiteElo "1789"]
[BlackElo "1814"]
[Annotator "ChessOrg"]
[PlyCount "76"]

1. e4 e5 2. Nc3 Nf6 3. Bc4 Be7 4. d3 d6 5. h3 O-O 6. Bg5 Nbd7 7. Nf3 Re8 8. Ne2
Nf8 9. Ng3 c6 10. c3 d5 11. exd5 cxd5 12. Bb5 Bd7 13. Bxd7 Qxd7 14. Nxe5 Bd6
15. Bxf6 gxf6 16. O-O fxe5 17. Qh5 Ng6 18. Qh6 Bf8 19. Qg5 Qe7 20. Qf5 Bg7 21.
Rae1 Rad8 22. Re3 Qf6 23. Qg4 Qf4 24. Qe2 Qg5 25. Nh5 e4 26. d4 Nf4 27. Nxf4
Qxf4 28. g3 Qf5 29. Kh2 Re6 30. Qc2 Rh6 31. g4 Qf4+ 32. Rg3 Re6 33. Kg2 Rg6 34.
Qb3 b6 35. Qa3 a5 36. Qb3 Bh6 37. Qc2 Qd2 38. Qb3 Bf4 0-1

[Event "Bad Breisig Sen"]
[Site "?"]
[Date "2001.??.??"]
[Round "3"]
[White "Ruppelt, Guenther"]
[Black "Verdcheval, Hans"]
[Result "1-0"]
[WhiteElo "1781"]
[BlackElo "1550"]
[Annotator "ChessOrg"]
[PlyCount "69"]

1. d4 d5 2. e3 Nf6 3. Bd3 Bg4 4. Ne2 e6 5. O-O Bd6 6. Nd2 Nbd7 7. f4 Bh5 8. Nf3
c5 9. c3 Bg6 10. Ng3 Bxd3 11. Qxd3 O-O 12. Ne5 c4 13. Qc2 Ne8 14. e4 Nxe5 15.
fxe5 Be7 16. exd5 Qxd5 17. Bf4 Kh8 18. Rae1 Qd7 19. Ne4 Nc7 20. Bg5 Nd5 21. Qd2
a6 22. Rf3 h6 23. Bxh6 f5 24. exf6 Bxf6 25. Nxf6 Nxf6 26. Bf4 Nd5 27. Rh3+ Kg8
28. Be5 Qf7 29. Qe2 Qf5 30. Rf3 Qh7 31. Rxf8+ Rxf8 32. Qxc4 Qf5 33. Qe2 Qg5 34.
h3 b5 35. Bd6 1-0

[Event "Bad Breisig Sen"]
[Site "?"]
[Date "2001.??.??"]
[Round "3"]
[White "Schaefer, Gustav"]
[Black "Farin, Friedrich"]
[Result "1-0"]
[WhiteElo "1458"]
[BlackElo "1309"]
[Annotator "ChessOrg"]
[PlyCount "105"]

1. e4 d6 2. d4 Nf6 3. Nc3 g6 4. Nf3 Bg7 5. Be2 O-O 6. Be3 Ng4 7. Bg5 f6 8. Bf4
e5 9. Bc4+ Kh8 10. Bg3 f5 11. h3 fxe4 12. Nxe4 Nf6 13. Neg5 d5 14. Nxe5 Be6 15.
Nxe6 Qe7 16. Nxc7 dxc4 17. O-O Ne4 18. Qe2 Nxg3 19. Nxg6+ hxg6 20. Qxe7 Nf5 21.
Qg5 Nd7 22. Nxa8 Rxa8 23. Qxg6 Nxd4 24. Qh5+ Kg8 25. Qd5+ Kh8 26. Qxd7 b5 27.
c3 Ne2+ 28. Kh1 a6 29. Rfe1 Nf4 30. Re8+ Rxe8 31. Qxe8+ Kh7 32. Qe4+ Ng6 33.
Rd1 Be5 34. Rd7+ Kh6 35. Qb7 Nf4 36. Qxa6+ Kg5 37. Qxb5 Nd3 38. Kg1 Kf6 39. a4
Ke6 40. Qc6+ Kf5 41. Rxd3 cxd3 42. Qf3+ Kg5 43. Qxd3 Bc7 44. b4 Kf6 45. a5 Bb8
46. b5 Ke6 47. b6 Bd6 48. a6 Bc5 49. a7 Ke7 50. a8=Q Bxb6 51. Qb7+ Ke8 52. Qxb6
Kf8 53. Qd7 1-0

[Event "Bad Breisig Sen"]
[Site "?"]
[Date "2001.??.??"]
[Round "4"]
[White "Wittelsberger, Helmut"]
[Black "Stumpf, Walter"]
[Result "1/2-1/2"]
[WhiteElo "1854"]
[BlackElo "2014"]
[Annotator "ChessOrg"]
[PlyCount "49"]

1. e4 c5 2. d4 cxd4 3. c3 d5 4. exd5 Qxd5 5. cxd4 Nc6 6. Nf3 e5 7. Nc3 Bb4 8.
Bd2 Bxc3 9. Bxc3 e4 10. Ne5 Nxe5 11. dxe5 Ne7 12. Qa4+ Bd7 13. Qb4 a5 14. Qa3
Qe6 15. Rd1 O-O 16. Rd6 Qf5 17. Be2 Be6 18. Qc5 Ng6 19. O-O Nf4 20. Bd1 Rad8
21. Bxa5 Rxd6 22. Qxd6 Qg5 23. g3 Nh3+ 24. Kg2 Nf4+ 25. Kg1 1/2-1/2

[Event "Bad Breisig Sen"]
[Site "?"]
[Date "2001.??.??"]
[Round "4"]
[White "Oser, Thor"]
[Black "Ruppelt, Guenther"]
[Result "1/2-1/2"]
[WhiteElo "1904"]
[BlackElo "1781"]
[Annotator "ChessOrg"]
[PlyCount "50"]

1. e4 g6 2. d4 Bg7 3. c3 d6 4. Bd3 Nf6 5. h3 O-O 6. Nf3 b6 7. O-O Ba6 8. Bxa6
Nxa6 9. Qd3 Qc8 10. Bf4 Nh5 11. Bh2 c5 12. e5 dxe5 13. dxe5 Rd8 14. Qc4 Bf8 15.
Ng5 e6 16. g4 Ng7 17. Bf4 Nc7 18. Ne4 Nge8 19. Nbd2 b5 20. Qe2 c4 21. Nf3 h6
22. Rad1 Nd5 23. Bg3 Be7 24. h4 a6 25. a3 Kg7 1/2-1/2

[Event "Bad Breisig Sen"]
[Site "?"]
[Date "2001.??.??"]
[Round "4"]
[White "Scheidt, Eugen"]
[Black "Schaefer, Gustav"]
[Result "1-0"]
[WhiteElo "1847"]
[BlackElo "1458"]
[Annotator "ChessOrg"]
[PlyCount "65"]

1. e4 d6 2. d4 Nf6 3. Bd3 g6 4. Ne2 Bg7 5. O-O O-O 6. c4 Nbd7 7. Bc2 c5 8. dxc5
Nxc5 9. Nbc3 Bg4 10. f3 Be6 11. b3 h6 12. Be3 Rc8 13. Qd2 Qc7 14. Nb5 Qb6 15.
b4 Bxc4 16. bxc5 Qxb5 17. Rfb1 Qc6 18. Nd4 Qc7 19. cxd6 Qxd6 20. Rxb7 Ba6 21.
Rxa7 Qb6 22. Nf5 Qb2 23. Nxe7+ Kh7 24. Rc1 Rxc2 25. Rxc2 Qa1+ 26. Rc1 Qe5 27.
Nxg6 fxg6 28. Rxa6 Nh5 29. Ra7 Nf4 30. Bxf4 Qxf4 31. Qxf4 Rxf4 32. Rcc7 Kh8 33.
Rxg7 1-0

[Event "Bad Breisig Sen"]
[Site "?"]
[Date "2001.??.??"]
[Round "4"]
[White "Verdcheval, Hans"]
[Black "Homes, Helmut"]
[Result "1-0"]
[WhiteElo "1550"]
[BlackElo "1808"]
[Annotator "ChessOrg"]
[PlyCount "75"]

1. d4 Nf6 2. Nf3 d5 3. Bg5 e6 4. e3 Be7 5. Nbd2 O-O 6. Bd3 Nbd7 7. O-O c5 8. c3
c4 9. Bc2 b5 10. a3 a5 11. Qe2 Bb7 12. Ne5 h6 13. Bh4 Nxe5 14. dxe5 Nd7 15.
Bxe7 Qxe7 16. f4 Rac8 17. Nf3 Qc5 18. Nd4 Rfd8 19. Rf3 Ra8 20. Rg3 Kh8 21. Qh5
Qf8 22. Nxb5 g6 23. Qe2 Ba6 24. Nd4 Rdb8 25. Rb1 Nc5 26. Rf3 Rb6 27. Rf2 Rab8
28. Qd1 Rxb2 29. Rxb2 Rxb2 30. Qc1 Rb6 31. a4 Qb8 32. Qa3 Qc7 33. h3 Kg7 34.
Rf3 Nd3 35. Rf1 Qb7 36. Kh2 Nc5 37. Qxc5 Rb2 38. Rf2 1-0

[Event "Bad Breisig Sen"]
[Site "?"]
[Date "2001.??.??"]
[Round "5"]
[White "Stumpf, Walter"]
[Black "Buesdorf, Konrad"]
[Result "1-0"]
[WhiteElo "2014"]
[BlackElo "1814"]
[Annotator "ChessOrg"]
[PlyCount "91"]

1. d4 d5 2. Nf3 c6 3. Nbd2 Nf6 4. e3 Bg4 5. Be2 Nbd7 6. O-O e6 7. c4 Bd6 8. b3
Rc8 9. Bb2 O-O 10. Ne5 Bxe2 11. Qxe2 Qc7 12. Ndf3 Rfd8 13. Nxd7 Qxd7 14. Rad1
Qe7 15. Ne5 Ba3 16. c5 Bxb2 17. Qxb2 Nd7 18. Nxd7 Qxd7 19. b4 a6 20. a4 f5 21.
f4 Rf8 22. Rb1 h6 23. b5 axb5 24. axb5 cxb5 25. Qxb5 Qxb5 26. Rxb5 Rf7 27. Rfb1
Rcc7 28. Kf2 Rfe7 29. Ra1 Kf7 30. h3 Kf6 31. Ra8 Kf7 32. Rb8 Kf6 33. Rf8+ Rf7
34. Rh8 Rc6 35. Rb8 Rcc7 36. h4 h5 37. Rb6 g6 38. Ke2 Rfe7 39. Kd3 Kf7 40. Kc3
Kg7 41. Kb4 Kf7 42. Rd6 Kg7 43. Kb5 Kf7 44. Rdd8 Kg7 45. Rbc8 Kf7 46. Kb6 1-0